000
00281nam a22001337a 4500
020
_a
0-14-33482-4
082
_a
920
_b
NAY/P
100
_a
MEENA ARORA NAYAK
245
_a
LEGENDARY LIVES
260
_a
NEW DELHI
_b
PUFFIN BOOKS
300
_a
240
650
_z
NEW DELHI
942
_c
BK
999
_c
5755
_d
5755